Natural selection and the emergence of mind (Record no. 45425)

MARC details
000 -LEADER
fixed length control field 00303nam a2200121Ia 4500
100 ## - MAIN ENTRY--AUTHOR NAME
Personal name Popper Karl
245 #0 - TITLE STATEMENT
Title Natural selection and the emergence of mind
260 ## - PUBLICATION, DISTRIBUTION, ETC. (IMPRINT)
Name of publisher Dialectica
Year of publication 1978
300 ## - PHYSICAL DESCRIPTION
Number of Pages 339-355
650 ## - SUBJECT ADDED ENTRY--TOPICAL TERM
Topical Term Darwin lecture
942 ## - ADDED ENTRY ELEMENTS (KOHA)
Koha item type Reprints
Holdings
Withdrawn status Lost status Damaged status Not for loan Home library Current library Shelving location Date acquired Serial Enumeration / chronology Accession Number Koha item type
      Reprints RRII Library RRII Library General 22/12/2021 Volume 32, Issue 04-Mar P01422 Reprints